000 00704nam a2200217Ia 4500
005 20150520165934.0
010 _aBAC-CH25
020 _a9780143332190
_c199.00
035 _aG-003120
035 _aB-557559-567
037 _bAakar/Ven
_adpl
082 _aS
100 _a Anand, Paro
245 _aWild Child and Other Stories/
_cBy Paro Anand
260 _aNew delhi
_bPuffin Books
_c2011
270 _a11 Community Centre, Panchsheel Park
_bNew Delhi
_e110017, India
300 _a127p.
_c18cm(pbk)
942 _cCH
_2ddc
_hS
_mANA
999 _c85635
_d85635